<?xml version="1.0" encoding="UTF-8"?>
<record
    xmlns:xsi="http://www.w3.org/2001/XMLSchema-instance"
    xsi:schemaLocation="http://www.loc.gov/MARC21/slim http://www.loc.gov/standards/marcxml/schema/MARC21slim.xsd"
    xmlns="http://www.loc.gov/MARC21/slim">

  <leader>00583    a2200193   4500</leader>
  <controlfield tag="001">065894</controlfield>
  <controlfield tag="003">OSt</controlfield>
  <controlfield tag="005">20251209103217.0</controlfield>
  <controlfield tag="008">                                        </controlfield>
  <datafield tag="082" ind1=" " ind2=" ">
    <subfield code="a">005.13</subfield>
    <subfield code="b">W43D</subfield>
  </datafield>
  <datafield tag="100" ind1="1" ind2=" ">
    <subfield code="a">Weiss, Mark Allen</subfield>
  </datafield>
  <datafield tag="245" ind1="1" ind2=" ">
    <subfield code="a">Data structures and algorithm analysis in C</subfield>
    <subfield code="c">By Mark Allen Weiss</subfield>
  </datafield>
  <datafield tag="250" ind1=" " ind2=" ">
    <subfield code="a">2nd ed.</subfield>
  </datafield>
  <datafield tag="260" ind1=" " ind2=" ">
    <subfield code="a">New Delhi</subfield>
    <subfield code="b">Pearson</subfield>
    <subfield code="c">2010</subfield>
  </datafield>
  <datafield tag="300" ind1=" " ind2=" ">
    <subfield code="a">527p.</subfield>
  </datafield>
  <datafield tag="500" ind1=" " ind2=" ">
    <subfield code="a">English</subfield>
  </datafield>
  <datafield tag="690" ind1=" " ind2=" ">
    <subfield code="a">Computer algorithms; Data structures (Computer science); C++ (Computer program language); C (Computer program language)</subfield>
  </datafield>
  <datafield tag="942" ind1=" " ind2=" ">
    <subfield code="2">ddc</subfield>
    <subfield code="c">BK</subfield>
  </datafield>
  <datafield tag="999" ind1=" " ind2=" ">
    <subfield code="c">155</subfield>
    <subfield code="d">155</subfield>
  </datafield>
  <datafield tag="952" ind1=" " ind2=" ">
    <subfield code="0">0</subfield>
    <subfield code="1">0</subfield>
    <subfield code="2">ddc</subfield>
    <subfield code="4">0</subfield>
    <subfield code="7">0</subfield>
    <subfield code="8">TXB</subfield>
    <subfield code="a">CURAJ</subfield>
    <subfield code="b">CURAJ</subfield>
    <subfield code="c">CSC(P)</subfield>
    <subfield code="d">2012-03-07</subfield>
    <subfield code="e">CMS</subfield>
    <subfield code="f">Parnay Boo</subfield>
    <subfield code="g">399.00</subfield>
    <subfield code="i">247/09-03-2010</subfield>
    <subfield code="l">2</subfield>
    <subfield code="o">005.13 W43D</subfield>
    <subfield code="p">183</subfield>
    <subfield code="r">2025-08-29</subfield>
    <subfield code="s">2025-08-12</subfield>
    <subfield code="w">2020-09-02</subfield>
    <subfield code="y">BK</subfield>
    <subfield code="z">Pearson, New Delhi</subfield>
  </datafield>
  <datafield tag="952" ind1=" " ind2=" ">
    <subfield code="0">0</subfield>
    <subfield code="1">0</subfield>
    <subfield code="2">ddc</subfield>
    <subfield code="4">0</subfield>
    <subfield code="7">0</subfield>
    <subfield code="8">TXB</subfield>
    <subfield code="a">CURAJ</subfield>
    <subfield code="b">CURAJ</subfield>
    <subfield code="c">CSC(P)</subfield>
    <subfield code="d">2012-03-07</subfield>
    <subfield code="e">CMS</subfield>
    <subfield code="f">Parnay Boo</subfield>
    <subfield code="g">399.00</subfield>
    <subfield code="i">247/09-03-2010</subfield>
    <subfield code="o">005.13 W43D</subfield>
    <subfield code="p">180</subfield>
    <subfield code="r">2024-11-21</subfield>
    <subfield code="w">2020-09-02</subfield>
    <subfield code="y">BK</subfield>
    <subfield code="z">Pearson, New Delhi</subfield>
  </datafield>
  <datafield tag="952" ind1=" " ind2=" ">
    <subfield code="0">0</subfield>
    <subfield code="1">0</subfield>
    <subfield code="2">ddc</subfield>
    <subfield code="4">0</subfield>
    <subfield code="7">0</subfield>
    <subfield code="8">TXB</subfield>
    <subfield code="a">CURAJ</subfield>
    <subfield code="b">CURAJ</subfield>
    <subfield code="c">CSC(P)</subfield>
    <subfield code="d">2012-03-07</subfield>
    <subfield code="e">CMS</subfield>
    <subfield code="f">Parnay Boo</subfield>
    <subfield code="g">399.00</subfield>
    <subfield code="i">247/09-03-2010</subfield>
    <subfield code="l">4</subfield>
    <subfield code="o">005.13 W43D</subfield>
    <subfield code="p">181</subfield>
    <subfield code="r">2025-10-15</subfield>
    <subfield code="s">2025-09-26</subfield>
    <subfield code="w">2020-09-02</subfield>
    <subfield code="y">BK</subfield>
    <subfield code="z">Pearson, New Delhi</subfield>
  </datafield>
  <datafield tag="952" ind1=" " ind2=" ">
    <subfield code="0">0</subfield>
    <subfield code="1">0</subfield>
    <subfield code="2">ddc</subfield>
    <subfield code="4">0</subfield>
    <subfield code="7">0</subfield>
    <subfield code="8">TXB</subfield>
    <subfield code="a">CURAJ</subfield>
    <subfield code="b">CURAJ</subfield>
    <subfield code="c">CSC(P)</subfield>
    <subfield code="d">2012-03-07</subfield>
    <subfield code="e">CMS</subfield>
    <subfield code="f">Parnay Boo</subfield>
    <subfield code="g">399.00</subfield>
    <subfield code="i">247/09-03-2010</subfield>
    <subfield code="o">005.13 W43D</subfield>
    <subfield code="p">182</subfield>
    <subfield code="r">2020-09-02</subfield>
    <subfield code="w">2020-09-02</subfield>
    <subfield code="y">BK</subfield>
    <subfield code="z">Pearson, New Delhi</subfield>
  </datafield>
</record>
